000 01013pam a2200313 i 4500
001 016802119
003 EG-ScBUE
005 20231022142918.0
008 140515r20172014enka f 001 0 eng d
020 _a9781781450840 (pbk.)
035 _a(UkOxU)019769584
040 _aStDuBDS
_beng
_erda
_cStDuBDS
_dUkOxU
_dUk
_dEG-ScBUE
082 0 4 _a778.936
_222
_bTAY
100 1 _aTaylor, David,
_d1969 April 13-
_eauthor.
245 1 0 _aMastering landscape photography /
_cDavid Taylor.
250 _aReprinted edition.
264 1 _aLewes, East Sussex, UK :
_bAmmonite Press,
_c2017.
300 _a175 pages :
_billustrations (colour) ;
_c25 cm
336 _atext
_2rdacontent
_btxt
336 _astill image
_2rdacontent
_btxt
337 _aunmediated
_2rdamedia
_bn
338 _avolume
_2rdacarrier
_bnc
500 _aIncludes index.
650 7 _aLandscape photography.
_2BUEsh
653 _cOctober2023
_bART
_2FA
655 _vReading book
942 _2ddc
_cBB
999 _c30598
_d30569